[Event "Sparkassen-Open A"]
[Site "Heusenstamm, Martinsee"]
[Date "2016.11.27"]
[Round "2.32"]
[White "De Visser, Leon"]
[Black "Vangsgaard, Bjarke"]
[Result "1/2-1/2"]
[WhiteElo "2230"]
[BlackElo "2022"]
[PlyCount "99"]
[EventDate "2016.??.??"]
[WhiteTeam "SC Brett vorm Kopp"]
[BlackTeam "Vejlby-Risskov"]

1. c4 Nf6 2. g3 g6 3. Bg2 Bg7 4. Nc3 O-O 5. e4 d6 6. Nge2 c5 7. O-O Nc6 8. d3
a6 9. h3 Rb8 10. a4 Ne8 11. Be3 Nc7 12. d4 b6 13. Kh2 cxd4 14. Nxd4 Bb7 15.
Nde2 Ne6 16. Rb1 Nb4 17. Nd5 Nxd5 18. exd5 Nc5 19. Nd4 Qc7 20. b3 e5 21. dxe6
fxe6 22. Bxb7 Qxb7 23. Ne2 Qc6 24. Nf4 Rbe8 25. Qe2 Ne4 26. Rbe1 Rf7 27. Bc1
Ng5 28. f3 e5 29. Nd5 Ne6 30. Be3 Nc5 31. Bxc5 bxc5 32. Qe4 Qb7 33. Re3 Rb8 34.
Rd3 Qc8 35. Kg2 Qf8 36. Rfd1 Rfb7 37. Rb1 Bh6 38. h4 Kh8 39. g4 Qf7 40. g5 Bg7
41. Ne3 Bf8 42. Qd5 Qf4 43. Qe4 Qf7 44. Nd5 Bg7 45. Re3 Qf5 46. Rd3 Qf7 47. a5
Bf8 48. Nb6 Qe6 49. Rbd1 Rf7 50. Qd5 1/2-1/2

[Event "Sparkassen-Open A"]
[Site "Heusenstamm, Martinsee"]
[Date "2016.11.27"]
[Round "2.33"]
[White "Trumpp, Lothar"]
[Black "Henrich, Thomas"]
[Result "0-1"]
[WhiteElo "2020"]
[BlackElo "2221"]
[PlyCount "102"]
[EventDate "2016.??.??"]
[WhiteTeam "VSG Offenbach"]
[BlackTeam "SK Marburg"]

1. Nc3 c5 2. Nf3 d6 3. g3 g6 4. Bg2 Bg7 5. O-O Nc6 6. e3 e5 7. d4 Bg4 8. dxc5
dxc5 9. h3 Be6 10. Ne4 Qe7 11. Qd6 Nb4 12. Bd2 Rc8 13. a3 Na6 14. Bc3 f6 15.
Rfd1 Nh6 16. Qxe7+ Kxe7 17. Nd6 Rb8 18. Nb5 Bd7 19. Bf1 Bc6 20. Nd2 Ra8 21. a4
Nb4 22. Bxb4 cxb4 23. Nc4 Bf3 24. Rd2 Nf7 25. Bg2 Ng5 26. h4 Bxg2 27. Kxg2 Ne4
28. Rd5 Rhc8 29. f3 Rxc4 30. fxe4 Rxc2+ 31. Kf3 a6 32. Rad1 axb5 33. Rd7+ Kf8
34. Rxb7 Kg8 35. Rdd7 Bf8 36. Rxh7 bxa4 37. h5 gxh5 38. Rxh5 Rac8 39. Ra7 a3
40. bxa3 bxa3 41. Kg4 R8c7 42. Ra6 Rg7+ 43. Kf3 Be7 44. Rh1 Kf7 45. Rd1 Kg6 46.
Rd5 Kg5 47. Rd7 Bf8 48. Rd8 Bb4 49. Rd1 Bc5 50. Rc6 Rc3 51. Rh1 Rxe3+ 0-1

[Event "Sparkassen-Open A"]
[Site "Heusenstamm, Martinsee"]
[Date "2016.11.27"]
[Round "2.34"]
[White "Prill, Daniel"]
[Black "Kalepky, Helmut"]
[Result "1-0"]
[WhiteElo "2198"]
[BlackElo "2019"]
[PlyCount "83"]
[EventDate "2016.??.??"]
[WhiteTeam "SC Heitersheim"]
[BlackTeam "SF Heidesheim"]

1. e4 e5 2. Nf3 Nc6 3. Bc4 Bc5 4. d4 exd4 5. Ng5 Nh6 6. Nxf7 Nxf7 7. Bxf7+ Kxf7
8. Qh5+ g6 9. Qxc5 d6 10. Qb5 Qe7 11. Nd2 Rb8 12. O-O Be6 13. f4 a6 14. Qe2 h5
15. Nf3 Rbg8 16. Ng5+ Ke8 17. Bd2 Kd7 18. c3 Re8 19. Qd3 dxc3 20. Bxc3 Rhf8 21.
b3 Kc8 22. Rac1 Bd7 23. a4 Nd8 24. Bb4 Bc6 25. e5 Rxf4 26. Rxf4 Qxg5 27. Qd2
Rxe5 28. Rf2 Ne6 29. Qxg5 Nxg5 30. Rf8+ Kd7 31. Rg8 Re6 32. Rg7+ Re7 33. Rxg6
Nf7 34. Bc3 Be4 35. Rg7 Nh6 36. Rxe7+ Kxe7 37. Bd2 Nf5 38. Rxc7+ Ke6 39. Kf2
Bd5 40. b4 Bb3 41. a5 Bd5 42. Rh7 1-0

[Event "Sparkassen-Open A"]
[Site "Heusenstamm, Martinsee"]
[Date "2016.11.27"]
[Round "2.35"]
[White "Küpper, Martin"]
[Black "Lorscheid, Gerhard"]
[Result "1/2-1/2"]
[WhiteElo "2019"]
[BlackElo "2197"]
[PlyCount "24"]
[EventDate "2016.??.??"]
[WhiteTeam "SC Fulda"]
[BlackTeam "Stuttgarter SF"]

1. e4 g6 2. d4 d6 3. Nc3 Bg7 4. Be3 c6 5. f4 d5 6. e5 h5 7. Bd3 Nh6 8. Nf3 Bf5
9. O-O e6 10. Ne2 Bf8 11. b3 Bxd3 12. Qxd3 Nf5 1/2-1/2

[Event "Sparkassen-Open A"]
[Site "Heusenstamm, Martinsee"]
[Date "2016.11.27"]
[Round "2.36"]
[White "Schellen, Sven"]
[Black "Muckle, Julius"]
[Result "0-1"]
[WhiteElo "1845"]
[BlackElo "2178"]
[PlyCount "108"]
[EventDate "2016.??.??"]
[WhiteTeam "SF Frankfurt"]
[BlackTeam "SK Ludwigshafen"]

1. d4 d5 2. c4 c6 3. Nf3 Nf6 4. g3 e6 5. Bg2 Nbd7 6. O-O Be7 7. Qc2 O-O 8. Nbd2
b6 9. e4 dxe4 10. Nxe4 Nxe4 11. Qxe4 Bb7 12. Bf4 Nf6 13. Qe2 c5 14. Rfd1 cxd4
15. Nxd4 Qc8 16. Bh3 Bc5 17. Bg2 Bxg2 18. Kxg2 Re8 19. Nc2 e5 20. Be3 Qc6+ 21.
Kg1 Bf8 22. Rac1 Qa4 23. a3 Rac8 24. Ne1 Nd7 25. b3 Qc6 26. b4 a5 27. Qd3 Rcd8
28. c5 bxc5 29. bxa5 e4 30. Qb3 Ra8 31. Qd5 Qxd5 32. Rxd5 Nf6 33. Rg5 h6 34.
Rf5 Rxa5 35. Bxh6 g6 36. Bxf8 gxf5 37. Rxc5 Rxc5 38. Bxc5 Rc8 39. Bb4 Nd5 40.
Kf1 f4 41. gxf4 Nxf4 42. Bd2 Nd5 43. Ke2 f5 44. Ng2 Kf7 45. Nf4 Nxf4+ 46. Bxf4
Rc3 47. h4 Rxa3 48. Bg5 Kg6 49. Be7 Rh3 50. Bg5 Kh5 51. Be7 Kg6 52. Bg5 f4 53.
Be7 e3 54. Bc5 Rh2 0-1

[Event "Sparkassen-Open A"]
[Site "Heusenstamm, Martinsee"]
[Date "2016.11.27"]
[Round "2.37"]
[White "Chan, Kim Yew"]
[Black "Stork, Oliver"]
[Result "1/2-1/2"]
[WhiteElo "2169"]
[BlackElo "2017"]
[PlyCount "94"]
[EventDate "2016.??.??"]
[WhiteTeam "Subang Jaya Chess Club"]
[BlackTeam "SV Oberursel"]

1. d4 d5 2. Nf3 Nf6 3. c4 e6 4. g3 Be7 5. Bg2 O-O 6. O-O c6 7. Qc2 b6 8. Nbd2
Bb7 9. e4 c5 10. exd5 exd5 11. Rd1 Nc6 12. cxd5 Qxd5 13. Nh4 Nxd4 14. Bxd5 Nxc2
15. Bxb7 Nxa1 16. Bxa8 Rxa8 17. Nf5 Kf8 18. Nc4 Nc2 19. Ne5 Rd8 20. Rxd8+ Bxd8
21. Bg5 Nb4 22. a3 Nbd5 23. Nc6 Bc7 24. Nxa7 Ne4 25. Bc1 g6 26. Ne3 Nxe3 27.
Bxe3 Be5 28. b3 Bb2 29. a4 Bd4 30. Nc8 Bxe3 31. fxe3 Nd2 32. Nxb6 Nxb3 33. Nc4
Ke7 34. Kf2 Ke6 35. Ke2 Kd5 36. a5 Kc6 37. a6 Nc1+ 38. Kd2 Na2 39. e4 f6 40. a7
Kb7 41. Nb6 Kxa7 42. Nd7 c4 43. Nxf6 Kb6 44. Kc2 Kc5 45. Kb2 Nb4 46. Kc3 Na2+
47. Kb2 Nb4 1/2-1/2

[Event "Sparkassen-Open A"]
[Site "Heusenstamm, Martinsee"]
[Date "2016.11.27"]
[Round "2.38"]
[White "Eg, Karlheinz"]
[Black "Olsen, Filip Boe"]
[Result "0-1"]
[WhiteElo "1820"]
[BlackElo "2136"]
[PlyCount "50"]
[EventDate "2016.??.??"]
[WhiteTeam "SV Rüsselsheim"]
[BlackTeam "SG Turm Kiel"]

1. e4 c6 2. d4 d5 3. exd5 cxd5 4. c4 Nf6 5. Nc3 Nc6 6. cxd5 Nxd5 7. Bc4 Be6 8.
Bb3 g6 9. Nf3 Bg7 10. O-O O-O 11. Re1 Rc8 12. Bg5 Re8 13. Qd2 Nc7 14. Ba4 a6
15. Ne5 Nd5 16. Nxc6 bxc6 17. Rad1 Nb6 18. Bc2 Nc4 19. Qc1 Nd6 20. Ba4 Nb5 21.
Be3 Qa5 22. Qc2 Bf5 23. Qb3 Nxc3 24. bxc3 Rb8 25. Qa3 Bc2 0-1

[Event "Sparkassen-Open A"]
[Site "Heusenstamm, Martinsee"]
[Date "2016.11.27"]
[Round "2.39"]
[White "Budzyn, Matthias"]
[Black "Bethke, Robert"]
[Result "1-0"]
[WhiteElo "2166"]
[BlackElo "1887"]
[PlyCount "53"]
[EventDate "2016.??.??"]
[WhiteTeam "SG Turm Kiel"]
[BlackTeam "SC Gelnhausen"]

1. e4 c5 2. c3 Nf6 3. e5 Nd5 4. Nf3 Nc6 5. Bc4 Nb6 6. Bb3 g6 7. d4 cxd4 8. Ng5
d5 9. exd6 Be6 10. dxe7 Qxe7 11. Nxe6 fxe6 12. O-O e5 13. Qg4 Nd7 14. Bg5 Nf6
15. Qf3 Bg7 16. cxd4 O-O-O 17. dxe5 Qxe5 18. Bf4 Qxb2 19. Na3 Nd7 20. Rac1 Nde5
21. Be6+ Kb8 22. Rxc6 bxc6 23. Rb1 Qxb1+ 24. Nxb1 Kb7 25. Qb3+ Ka8 26. h3 Rd4
27. Be3 1-0

[Event "Sparkassen-Open A"]
[Site "Heusenstamm, Martinsee"]
[Date "2016.11.27"]
[Round "2.40"]
[White "Hilzinger, Markus"]
[Black "Papadopoulos, Ioannis"]
[Result "1-0"]
[WhiteElo "2133"]
[BlackElo "1755"]
[PlyCount "51"]
[EventDate "2016.??.??"]
[WhiteTeam "SC Pforzheim"]
[BlackTeam "SV Oberursel"]

1. c4 e5 2. Nc3 Nf6 3. Nf3 Nc6 4. g3 d5 5. cxd5 Nxd5 6. Bg2 Nb6 7. O-O Be7 8.
a3 O-O 9. b4 Be6 10. d3 Nd4 11. Nd2 Nd5 12. Bb2 f6 13. Nce4 a5 14. Nc5 Bxc5 15.
bxc5 b6 16. e3 Nc6 17. cxb6 cxb6 18. Qa4 Na7 19. Rac1 b5 20. Qe4 Qd7 21. Nb3
Rfd8 22. Nc5 Qe7 23. Nxe6 Qxe6 24. d4 Nc6 25. Rc5 Rab8 26. Rxd5 1-0

[Event "Sparkassen-Open A"]
[Site "Heusenstamm, Martinsee"]
[Date "2016.11.27"]
[Round "2.41"]
[White "Elbert, Thomas"]
[Black "Wolf, Ulrich Martin"]
[Result "0-1"]
[WhiteElo "1710"]
[BlackElo "2161"]
[PlyCount "47"]
[EventDate "2016.??.??"]
[WhiteTeam "SF Sailauf"]
[BlackTeam "SC Hansa Dortmund"]

1. d4 f5 2. Nf3 Nf6 3. e3 g6 4. c4 Bg7 5. Nc3 O-O 6. b3 d6 7. Bb2 c6 8. Qc2 Qc7
9. Bd3 Na6 10. a3 e5 11. e4 exd4 12. Nxd4 Ng4 13. Nf3 Nc5 14. exf5 Nxd3+ 15.
Qxd3 Bxf5 16. Qd2 Rae8+ 17. Kf1 Qb6 18. Nd1 Qxb3 19. Bxg7 Qxc4+ 20. Kg1 Kxg7
21. Qxd6 Qe6 22. Qd4+ Qf6 23. h3 Qxd4 24. Nxd4 0-1

[Event "Sparkassen-Open A"]
[Site "Heusenstamm, Martinsee"]
[Date "2016.11.27"]
[Round "2.42"]
[White "Kunin, Vitaly"]
[Black "Sauer, Bernd"]
[Result "1-0"]
[WhiteElo "2590"]
[BlackElo "1834"]
[PlyCount "99"]
[EventDate "2016.??.??"]
[WhiteTeam "Freibauer Mörlenbach"]
[BlackTeam "SF Katernberg"]

1. c4 e6 2. Nf3 d5 3. b3 Nf6 4. Bb2 Be7 5. e3 O-O 6. Be2 c5 7. O-O Nc6 8. d4
cxd4 9. Nxd4 Bd7 10. Nf3 dxc4 11. Bxc4 a6 12. Nc3 Qc7 13. Rc1 Rad8 14. Qe2 Bc8
15. Bd3 Qa5 16. Bb1 e5 17. h3 Rfe8 18. Ng5 h6 19. Nge4 Be6 20. Nxf6+ Bxf6 21.
Ne4 Be7 22. Bc3 Qc7 23. Qb2 f5 24. Ng3 Rf8 25. Kh1 Bd6 26. f4 e4 27. Rfd1 Qe7
28. Qf2 Ba3 29. Bb2 Bxb2 30. Qxb2 Rd7 31. Rxd7 Qxd7 32. b4 Rd8 33. Bc2 Qe7 34.
Bb3 Kh7 35. b5 axb5 36. Bxe6 Qxe6 37. Qxb5 Ne7 38. Qxb7 Rd7 39. Rc7 Rxc7 40.
Qxc7 Nd5 41. Qc5 g6 42. Ne2 Nf6 43. Nd4 Qd7 44. a4 Nh5 45. Kh2 Qxa4 46. Nxf5
Qd7 47. Nd6 Qe6 48. Qa7+ Ng7 49. Nf7 Kg8 50. Nxh6+ 1-0

[Event "Sparkassen-Open A"]
[Site "Heusenstamm, Martinsee"]
[Date "2016.11.27"]
[Round "2.43"]
[White "Dunsbach, Ralf"]
[Black "Diez, Gerhard"]
[Result "1-0"]
[WhiteElo "2180"]
[BlackElo "2016"]
[PlyCount "73"]
[EventDate "2016.??.??"]
[WhiteTeam "SK Bad Homburg"]
[BlackTeam "SC Bad Nauheim"]

1. c4 e5 2. g3 Nf6 3. Bg2 d5 4. cxd5 Nxd5 5. Nc3 Nb6 6. Nf3 Nc6 7. O-O Be7 8.
a3 O-O 9. b4 Re8 10. Rb1 Bf8 11. d3 a5 12. b5 Nd4 13. Nd2 Ra7 14. e3 Nf5 15.
Nf3 h6 16. e4 Nd4 17. Nxd4 exd4 18. Ne2 Bc5 19. Qc2 Qe7 20. a4 Bg4 21. f3 Be6
22. Bb2 Qd6 23. Kh1 f6 24. Rbc1 Nd7 25. Qb1 Ne5 26. Rxc5 Qxc5 27. Bxd4 Qa3 28.
Bxa7 b6 29. Qc1 Qxa4 30. Qxc7 Nxd3 31. Bxb6 Bc4 32. Nc3 Qb3 33. Bd4 Nb2 34. Ra1
a4 35. Qa5 Qc2 36. Nxa4 Nd3 37. Qc3 1-0

[Event "Sparkassen-Open A"]
[Site "Heusenstamm, Martinsee"]
[Date "2016.11.27"]
[Round "2.44"]
[White "Chirita-Mihaila, Marius-Constant"]
[Black "Rubina, Tatiana"]
[Result "1-0"]
[WhiteElo "2148"]
[BlackElo "1875"]
[PlyCount "61"]
[EventDate "2016.??.??"]
[WhiteTeam "CSS 1 Timisoara"]
[BlackTeam "SK Mannheim"]

1. c4 Nf6 2. g3 e6 3. Bg2 Be7 4. Nf3 d5 5. O-O O-O 6. d4 Nbd7 7. b3 c5 8. cxd5
exd5 9. dxc5 Nxc5 10. Bb2 Nce4 11. Nc3 Qa5 12. Nxe4 dxe4 13. Ne5 Rd8 14. Qc1
Be6 15. Bc3 Qb5 16. Qb2 Rac8 17. Rac1 Bc5 18. e3 Bd5 19. Bh3 Rc7 20. Rfd1 Qe8
21. Nc4 Qe7 22. Qa1 Rc6 23. Rd2 b5 24. Ne5 Rcd6 25. Ng4 Nxg4 26. Bxg4 Qg5 27.
Be2 b4 28. Bd4 Bxd4 29. Qxd4 a5 30. Rc5 Bc6 31. Rxg5 1-0

[Event "Sparkassen-Open A"]
[Site "Heusenstamm, Martinsee"]
[Date "2016.11.27"]
[Round "2.45"]
[White "Büse, Ralf"]
[Black "Wanie, Karsten"]
[Result "1/2-1/2"]
[WhiteElo "1898"]
[BlackElo "2145"]
[PlyCount "37"]
[EventDate "2016.??.??"]
[WhiteTeam "SC Ladja Roßdorf"]
[BlackTeam "SC Matt im Park"]

1. d4 d5 2. Bf4 c6 3. e3 Qb6 4. Qc1 Bf5 5. Nf3 Nf6 6. h3 e6 7. Nbd2 h6 8. c4 c5
9. Be2 Nc6 10. dxc5 Bxc5 11. O-O O-O 12. cxd5 exd5 13. Nb3 Be7 14. Nfd4 Be4 15.
Qd2 Rac8 16. Rfc1 Rfd8 17. a3 Nxd4 18. Nxd4 Bc5 19. b4 1/2-1/2

[Event "Sparkassen-Open A"]
[Site "Heusenstamm, Martinsee"]
[Date "2016.11.27"]
[Round "2.46"]
[White "Hahn, Florian"]
[Black "Scherf, Karl-Heinrich"]
[Result "1/2-1/2"]
[WhiteElo "2139"]
[BlackElo "1881"]
[PlyCount "62"]
[EventDate "2016.??.??"]
[WhiteTeam "SC Herborn"]
[BlackTeam "SF Neuberg"]

1. Nf3 Nf6 2. c4 g6 3. Nc3 Bg7 4. d4 O-O 5. g3 d6 6. Bg2 Nc6 7. O-O Bf5 8. h3
Ne4 9. Nd5 Bd7 10. Qc2 f5 11. Nc3 Nxc3 12. bxc3 Na5 13. Qd3 Bc6 14. Ng5 Bxg2
15. Kxg2 Qd7 16. d5 Qa4 17. Ne6 Qxc4 18. Nxf8 Kxf8 19. Bd2 e6 20. dxe6 Re8 21.
Be3 Rxe6 22. Rfd1 Qc6+ 23. Kg1 Nc4 24. Bd4 Bh6 25. Rab1 a5 26. f4 b6 27. Kf1
Qa4 28. h4 Re4 29. Rdc1 c5 30. Bf6 Qc6 31. Rd1 Kf7 1/2-1/2

[Event "Sparkassen-Open A"]
[Site "Heusenstamm, Martinsee"]
[Date "2016.11.27"]
[Round "2.47"]
[White "Jennewein, Norbert"]
[Black "Köllner, Christof"]
[Result "1-0"]
[WhiteElo "1877"]
[BlackElo "2138"]
[PlyCount "132"]
[EventDate "2016.??.??"]
[WhiteTeam "SC Fehrbach"]
[BlackTeam "SV Bergneustadt/Derschlag"]

1. d4 d6 2. e4 Nf6 3. Nc3 e5 4. d5 c6 5. Bg5 Be7 6. Bxf6 Bxf6 7. Nf3 O-O 8. h3
Be7 9. Be2 Qb6 10. Rb1 a5 11. O-O Nd7 12. Nd2 Qc7 13. b3 Nc5 14. a3 Bd7 15. Bd3
f5 16. b4 axb4 17. axb4 Na4 18. Nxa4 Rxa4 19. c4 cxd5 20. cxd5 Qc3 21. Rb3 Qd4
22. exf5 Rxb4 23. Rxb4 Qxb4 24. g4 Qf4 25. Ne4 b5 26. Qc1 Qf3 27. Qe3 Qxe3 28.
fxe3 b4 29. Rb1 Rb8 30. Nd2 Bg5 31. Kf2 Kf7 32. Ke2 Bb5 33. Bxb5 Rxb5 34. e4
Bd8 35. Kd3 Ba5 36. Nb3 Bd8 37. Kc4 Rb8 38. Ra1 Bb6 39. Ra6 Ke7 40. g5 Be3 41.
h4 h6 42. Kd3 Rc8 43. Kxe3 Rc3+ 44. Kd2 Rxb3 45. f6+ gxf6 46. gxh6 Kf7 47. h7
Kg7 48. Rxd6 Kxh7 49. Rxf6 Kg7 50. Rf5 Rh3 51. h5 Rh2+ 52. Kc1 Rh4 53. Rxe5 Kf6
54. Re6+ Kf7 55. h6 b3 56. Kb2 Rh3 57. e5 Rd3 58. h7 Rxd5 59. h8=Q Kxe6 60.
Qf6+ Kd7 61. Kxb3 Rb5+ 62. Kc4 Rb8 63. Qd6+ Kc8 64. Qxb8+ Kxb8 65. Kd5 Kc7 66.
Ke6 Kd8 1-0

[Event "Sparkassen-Open A"]
[Site "Heusenstamm, Martinsee"]
[Date "2016.11.27"]
[Round "2.48"]
[White "Eggenstein, Frank"]
[Black "Flach, Helene"]
[Result "1-0"]
[WhiteElo "2077"]
[BlackElo "1820"]
[PlyCount "51"]
[EventDate "2016.??.??"]
[WhiteTeam "SV Erkenschwick"]
[BlackTeam "SK Langen"]

1. e4 c5 2. Nf3 e6 3. b3 d6 4. Bb2 Nf6 5. d3 a6 6. a4 Nc6 7. g3 Be7 8. Bg2 Bd7
9. O-O b5 10. e5 dxe5 11. Nxe5 Rc8 12. Nd2 Nxe5 13. Bxe5 Bc6 14. Bxc6+ Rxc6 15.
axb5 axb5 16. Qf3 Qc8 17. Ra5 b4 18. Rfa1 O-O 19. Ra7 Bd8 20. Ne4 Nxe4 21. Qxe4
f6 22. Bb2 Rb6 23. Qc4 Rf7 24. Ra8 Qd7 25. Qxc5 Rc6 26. Rxd8+ 1-0

[Event "Sparkassen-Open A"]
[Site "Heusenstamm, Martinsee"]
[Date "2016.11.27"]
[Round "2.49"]
[White "Hohlbein, Michael"]
[Black "Schmieder, Stefan"]
[Result "1/2-1/2"]
[WhiteElo "2076"]
[BlackElo "1821"]
[PlyCount "91"]
[EventDate "2016.??.??"]
[WhiteTeam "SK Marmstorf"]
[BlackTeam "SC Bad Soden"]

1. e4 c5 2. Nc3 Nc6 3. Nf3 e6 4. b3 Be7 5. Bb2 Bf6 6. Bd3 Nge7 7. O-O d6 8. Re1
e5 9. Nd5 Nxd5 10. exd5 Ne7 11. Be4 O-O 12. c3 Bg4 13. h3 Bd7 14. d4 exd4 15.
cxd4 Nf5 16. Qd2 Nxd4 17. Nxd4 Bxd4 18. Bxd4 cxd4 19. Qxd4 f5 20. Bd3 f4 21.
Qe4 Bf5 22. Qf3 Qg5 23. Bxf5 Rxf5 24. Re6 Rf7 25. Rae1 Rd7 26. Qe4 Rf8 27. Re8
Qf6 28. Qa4 Rdf7 29. Rxf8+ Rxf8 30. Qd7 f3 31. g3 Rd8 32. Qe6+ Qxe6 33. Rxe6
Rc8 34. Rxd6 Rc1+ 35. Kh2 Rf1 36. g4 Rxf2+ 37. Kg3 Rxa2 38. Kxf3 Rd2 39. Ke4
Re2+ 40. Kf5 Kf7 41. b4 Re7 42. Rd8 g6+ 43. Kf4 Re8 44. Rd6 Ke7 45. Re6+ Kf7
46. Rd6 1/2-1/2

[Event "Sparkassen-Open A"]
[Site "Heusenstamm, Martinsee"]
[Date "2016.11.27"]
[Round "2.50"]
[White "Paskalutsa, Vladimir"]
[Black "Mährlein, Christoph"]
[Result "1-0"]
[WhiteElo "1868"]
[BlackElo "2074"]
[PlyCount "109"]
[EventDate "2016.??.??"]
[WhiteTeam "SF Mainz"]
[BlackTeam "SC Pforzheim"]

1. e4 d5 2. exd5 Qxd5 3. Nc3 Qa5 4. d4 Nf6 5. Nf3 Bf5 6. Bd2 c6 7. h3 e6 8. Nh4
Bg6 9. Nxg6 hxg6 10. Bd3 Qc7 11. Qf3 Nbd7 12. Ne2 e5 13. c3 O-O-O 14. O-O Bd6
15. b4 Rh4 16. Ng3 exd4 17. Bg5 Ne5 18. Qe2 Rhh8 19. Be4 Nxe4 20. Nxe4 d3 21.
Qe3 f6 22. Nxf6 gxf6 23. Bxf6 Kb8 24. f4 Nf7 25. Bxd8 Rxd8 26. Rad1 c5 27. Rxd3
cxb4 28. cxb4 Bxb4 29. Rxd8+ Nxd8 30. Qe8 Qb6+ 31. Kh1 Qf6 32. Qe4 Bd6 33. g4
g5 34. f5 Qb2 35. Qg2 Qxg2+ 36. Kxg2 Nf7 37. Kf3 Kc7 38. Ke4 Kd7 39. Kd5 b5 40.
Re1 Nd8 41. f6 b4 42. h4 Nf7 43. Re6 Bc5 44. hxg5 Nxg5 45. Re5 Nf7 46. Rh5 Be3
47. Ke4 Bg5 48. Kf5 a5 49. Rxg5 Nxg5 50. Kxg5 Ke8 51. Kh6 Kf7 52. g5 a4 53. g6+
Kg8 54. f7+ Kf8 55. g7+ 1-0

[Event "Sparkassen-Open A"]
[Site "Heusenstamm, Martinsee"]
[Date "2016.11.27"]
[Round "2.51"]
[White "Jordake, Michael"]
[Black "Weil, Volker"]
[Result "1/2-1/2"]
[WhiteElo "1802"]
[BlackElo "2071"]
[PlyCount "83"]
[EventDate "2016.??.??"]
[WhiteTeam "SC Bergen-Enkheim"]
[BlackTeam "SC Steinbach"]

1. Nc3 d6 2. e4 Nf6 3. d4 e5 4. Bg5 Be7 5. Nf3 Nbd7 6. Bc4 O-O 7. O-O c6 8.
Bxf6 Bxf6 9. Ne2 Qe7 10. Ng3 g6 11. c3 Nb6 12. Bb3 Bg4 13. dxe5 dxe5 14. h3 Be6
15. Qc2 a5 16. Bxe6 Qxe6 17. Rfe1 Rfd8 18. Nf1 a4 19. Ne3 Be7 20. Qe2 f6 21.
Red1 Rxd1+ 22. Qxd1 Bc5 23. b3 axb3 24. axb3 Rxa1 25. Qxa1 Qxb3 26. Ng4 Kg7 27.
Qa7 Qf7 28. Ne1 Qd7 29. Qa5 Qe7 30. Nd3 Nd7 31. Qc7 Nf8 32. Qa5 Ne6 33. Nxc5
Nxc5 34. Qb4 b5 35. f3 h5 36. Nf2 Qa7 37. Kh2 Na6 38. Qb2 Qd7 39. Qa3 Qa7 40.
Nd3 c5 41. Nxc5 Qxc5 42. Qxa6 1/2-1/2

[Event "Sparkassen-Open A"]
[Site "Heusenstamm, Martinsee"]
[Date "2016.11.27"]
[Round "2.52"]
[White "Eichner, Christian"]
[Black "Wilk, David"]
[Result "1-0"]
[WhiteElo "2067"]
[BlackElo "1661"]
[PlyCount "95"]
[EventDate "2016.??.??"]
[WhiteTeam "SV TuR Dresden"]
[BlackTeam "SF Mainz"]

1. e4 c5 2. Nf3 Nc6 3. Bb5 g6 4. O-O Bg7 5. c3 a6 6. Qa4 Qb6 7. Na3 Rb8 8. Be2
d6 9. Nc4 Qc7 10. Ne3 b5 11. Qc2 e5 12. Rd1 Nge7 13. d4 exd4 14. cxd4 O-O 15.
dxc5 Nb4 16. Qb3 dxc5 17. Bd2 Be6 18. Qa3 a5 19. Rac1 Qa7 20. Bc3 Bxc3 21. Qxc3
Rfc8 22. Qf6 Nxa2 23. Ra1 Rb6 24. Qh4 Nb4 25. Ng5 h5 26. Nxe6 Rxe6 27. Bxb5 Qb7
28. Bd7 Rcc6 29. Rxa5 Ra6 30. Rxa6 Rxa6 31. Qxe7 Ra8 32. Qxc5 Qxe4 33. Qd4 Qxd4
34. Rxd4 Nc2 35. Ra4 Rd8 36. Nxc2 Rxd7 37. Rd4 Rc7 38. Ne3 f5 39. f4 Rb7 40. b4
Re7 41. Kf2 h4 42. g4 Ra7 43. gxf5 Ra2+ 44. Kg1 Re2 45. Rd3 h3 46. fxg6 Re1+
47. Kf2 Rh1 48. Nf1 1-0

[Event "Sparkassen-Open A"]
[Site "Heusenstamm, Martinsee"]
[Date "2016.11.27"]
[Round "2.53"]
[White "Bachmann, Nick"]
[Black "Kreiling, Carsten"]
[Result "0-1"]
[WhiteElo "1803"]
[BlackElo "2065"]
[PlyCount "46"]
[EventDate "2016.??.??"]
[WhiteTeam "SG Wächtersbach"]
[BlackTeam "SVG Eppstein"]

1. e4 c5 2. c3 d6 3. d4 Nf6 4. dxc5 Nc6 5. Qc2 dxc5 6. Nf3 e6 7. Be2 Be7 8. O-O
O-O 9. Bf4 Nh5 10. Rd1 Qe8 11. Qd2 Nxf4 12. Qxf4 f6 13. Na3 Kh8 14. Bc4 a6 15.
e5 b5 16. Nxb5 axb5 17. Bxb5 f5 18. Qc4 Bd7 19. b4 Na5 20. Rxd7 Nxc4 21. Rb7
Rb8 22. Bxe8 Rxb7 23. Bc6 Rb6 0-1

[Event "Sparkassen-Open A"]
[Site "Heusenstamm, Martinsee"]
[Date "2016.11.27"]
[Round "2.54"]
[White "Wagner, Günter"]
[Black "Waffenschmidt, Joachim"]
[Result "0-1"]
[WhiteElo "1725"]
[BlackElo "2039"]
[PlyCount "64"]
[EventDate "2016.??.??"]
[WhiteTeam "SV Groß-Gerau"]
[BlackTeam "SC Brett vorm Kopp"]

1. Nf3 d5 2. c4 c6 3. b3 Nf6 4. Bb2 Bf5 5. d3 e6 6. g3 Nbd7 7. Bg2 Bb4+ 8. Nbd2
Bd6 9. O-O O-O 10. Nh4 Bg4 11. h3 Bh5 12. Nhf3 e5 13. cxd5 cxd5 14. e4 d4 15.
Nc4 Qe7 16. Nxd6 Qxd6 17. g4 Bg6 18. Nh4 b5 19. Qd2 Rad8 20. f4 exf4 21. Rxf4
Ne5 22. Nf5 Bxf5 23. exf5 Nxd3 24. Rxd4 Qg3 25. Rxd8 Rxd8 26. Rf1 Re8 27. Bxf6
gxf6 28. Qd1 Re3 29. Qc2 Nf4 30. Kh1 Re2 31. Qc8+ Kg7 32. Qb7 Rxg2 0-1

[Event "Sparkassen-Open A"]
[Site "Heusenstamm, Martinsee"]
[Date "2016.11.27"]
[Round "2.55"]
[White "Köllner, Felicitas Ophelia"]
[Black "Wagner, Dirk"]
[Result "0-1"]
[WhiteElo "1670"]
[BlackElo "2031"]
[PlyCount "82"]
[EventDate "2016.??.??"]
[WhiteTeam "SV Bergneustadt/Derschlag"]
[BlackTeam "SC Matt im Park"]

1. d4 Nf6 2. Nf3 g6 3. Nbd2 Bg7 4. e4 d6 5. Be2 O-O 6. O-O Nc6 7. c3 e5 8. Qc2
Nh5 9. Nc4 Nf4 10. Bxf4 exf4 11. Rad1 g5 12. h3 h5 13. Nh2 h4 14. Bg4 Qe7 15.
Rfe1 Be6 16. d5 Bxg4 17. Nxg4 Ne5 18. Ncxe5 Bxe5 19. Nh6+ Kh7 20. Nf5 Qf6 21.
Qe2 Kg6 22. Qg4 Rh8 23. Rf1 a5 24. g3 hxg3 25. fxg3 Kh7 26. Rd2 Rae8 27. Re2
Qg6 28. Rfe1 a4 29. c4 Qf6 30. b3 axb3 31. axb3 Ra8 32. Rd1 fxg3 33. Nxg3 Bxg3
34. Qxg3 Kg6 35. e5 dxe5 36. Rxe5 Rxh3 37. Qxh3 Qxe5 38. Qd3+ Kg7 39. b4 Ra2
40. Rd2 Qe1+ 41. Kg2 Rxd2+ 0-1

[Event "Sparkassen-Open A"]
[Site "Heusenstamm, Martinsee"]
[Date "2016.11.27"]
[Round "2.56"]
[White "Rapp, Matthias"]
[Black "Kornitzky, Tino"]
[Result "0-1"]
[WhiteElo "1746"]
[BlackElo "2018"]
[PlyCount "116"]
[EventDate "2016.??.??"]
[WhiteTeam "SF Mainz"]
[BlackTeam "SC Erlangen"]

1. e4 c5 2. Nc3 Nc6 3. g3 g6 4. Bg2 Bg7 5. Nge2 e6 6. O-O Nge7 7. d3 O-O 8. Be3
Nd4 9. Bxd4 cxd4 10. Nb1 e5 11. Nd2 d6 12. f4 Be6 13. Nf3 Qb6 14. b3 Rac8 15.
Kh1 Rc7 16. fxe5 dxe5 17. h4 Rfc8 18. Ne1 Kh8 19. Ng1 Ng8 20. Nh3 Nf6 21. Ng5
Ng4 22. Nxe6 Qxe6 23. Qe2 Ne3 24. Rf2 Bh6 25. a3 f5 26. Bh3 Qc6 27. Ra2 Rf8 28.
Kg1 f4 29. gxf4 Bxf4 30. Ng2 Qf6 31. Nxf4 exf4 32. Qf3 Qxh4 33. Re2 Rc5 34. c4
Rg5+ 35. Rg2 Qe1+ 36. Kh2 Nxg2 37. Bxg2 Rg3 38. Qf2 Qxf2 39. Rxf2 Rxd3 40. e5
Re3 41. Rd2 f3 42. Bf1 Rxe5 43. Rxd4 Re3 44. b4 Rxa3 45. Rd7 b6 46. c5 bxc5 47.
bxc5 Rc3 48. Rc7 a5 49. c6 Rc5 50. Ra7 Rxc6 51. Rxa5 Rc1 52. Kg1 h6 53. Kf2
Rc2+ 54. Kg3 h5 55. Ra6 Kg7 56. Rxg6+ Kxg6 57. Bd3+ Kg5 58. Bxc2 f2 0-1

[Event "Sparkassen-Open A"]
[Site "Heusenstamm, Martinsee"]
[Date "2016.11.27"]
[Round "2.57"]
[White "Prill, Gerhard"]
[Black "Binner, Peter"]
[Result "1-0"]
[WhiteElo "2018"]
[BlackElo "1802"]
[PlyCount "85"]
[EventDate "2016.??.??"]
[WhiteTeam "SC Heitersheim"]
[BlackTeam "Vorw.Orient Mainz"]

1. e4 c5 2. Nf3 e6 3. c4 Nc6 4. Nc3 a6 5. Be2 Nf6 6. O-O d6 7. d4 cxd4 8. Nxd4
Qc7 9. Be3 Be7 10. Rc1 O-O 11. f3 Rb8 12. Qd2 Rd8 13. Nd5 Qd7 14. Nxe7+ Nxe7
15. Rfd1 d5 16. e5 Ne8 17. c5 Nc6 18. f4 Qe7 19. Bf2 Bd7 20. Nf3 Rbc8 21. Bd3
Na7 22. Bb1 g6 23. a3 Ba4 24. Re1 Qc7 25. h3 Nc6 26. Nh2 Na5 27. Rc3 Nb3 28.
Qc2 Nxc5 29. Qe2 Qe7 30. Rec1 d4 31. Bxd4 Nb3 32. Rxc8 Nxd4 33. Qf2 Rxc8 34.
Rxc8 Nc6 35. Qd2 Kg7 36. Nf3 Qc5+ 37. Kh2 Nc7 38. Rxc7 Qb6 39. Rc8 Ne7 40. Rc1
Nd5 41. Be4 Ne3 42. Kh1 Bb5 43. Qd4 1-0